Departamentos de Colombia por imagen - Estadísticas

Estadísticas generales
  • Esta prueba ha sido intentada 49 veces
  • La puntuación promedio es 20 de 33
Estadísticas de respuestas
Imagen Respuesta % Correcto
Bogotá, D. C.
100%
Nariño
92%
Antioquia
87%
Bolívar
84%
Atlántico
82%
Quindío
82%
San Andrés, Providencia y Santa Catalina
82%
Huila
79%
Valle del Cauca
76%
Amazonas
74%
Chocó
74%
Meta
74%
Cundinamarca
71%
La Guajira
68%
Caldas
66%
Cauca
66%
Magdalena
61%
Tolima
61%
Risaralda
58%
Santander
55%
Guainía
53%
Boyacá
50%
Guaviare
47%
Vichada
47%
Casanare
45%
Sucre
42%
Córdoba
39%
Vaupés
32%
Cesar
29%
Caquetá
26%
Putumayo
26%
Arauca
24%
Norte de Santander
24%
No se encontraron pruebas coincidentes
Distribución de puntuación
Porcentaje de gente con cada puntuación
Porcentaje por número respondido
Historial de tus puntuaciones
No has intentado esta prueba.